01172cam a2200241 a 4500001000500000005001700005020001800022040002300040050001900063082001000082100002100092245015600113250004300269260003800312300006000350505000800410520029000418521002000708521002000728650007800748650006700826700003700893440020250801104445.0 a9780545569910 aDLCcDLCdDLCbeng00aE757.R93b201200a979.41 aRosenstock, Barb14aThe camping trip that changed America :bTheodore Roosevelt, John Muir, and our national parks /cby Barb Rosenstock ; illustrated by Mordicai Gerstein aFirst scholastic printing , April 2013 aNew York :bScholastic ;c2012 .  a32 unnumbered pages : bcolor illustrations ;c29 cm .  aR  aOffers insight into the camping trip that President Theodore Roosevelt and naturalist John Muir took to the redwoods of Yosemite in 1903, during which the two men had experiences and conversations that eventually contributed to the establishment of national parks in the United States. a740 bLexile  aR bRaz-Plus  0aNational parks and reserveszUnited StatesxHistoryvJuvenile literature. 0aEnvironmentalismzUnited StatesxHistoryvJuvenile literature.1 aGerstein, Mordicaieillustrator